000 00645nam a2200241Ia 4500
003 OSt
005 20221005132835.0
006 a|||||r|||| 00| 0
007 ta
008 221004b |||||||| |||| 00| 0 san d
024 _a62328
037 _cTextual
040 _aCRL
_cCRL
_bsan
041 _2san
_asan
082 _aO15,1B1,3, 32G4
100 _aKunjuraman Mayyattu Au.
_9641744
245 0 _aValmeeki Ramayanam gathyam
260 _c1934
650 _a SANSKRIT POETRY
_9155567
650 _aSANSKRIT LITERATURE
942 _hO15,1B1,3, 32G4
_cTEXL
_2cc
999 _c1064995
_d1064995